BSOP header

Church and society : (Record no. 49285)

MARC details
000 -LEADER
fixed length control field 00612nam a22001337a 4500
008 - FIXED-LENGTH DATA ELEMENTS--GENERAL INFORMATION
fixed length control field 200122b ||||| |||| 00| 0 eng d
245 ## - TITLE STATEMENT
Title Church and society :
Remainder of title challenges for tomorrow : 1985 lectures on the occasion of the 125th Anniversary of the Ateneo de Manila University /
Statement of responsibility, etc edited by Vitaliano R. Gorospe, S.J.
260 ## - PUBLICATION, DISTRIBUTION, ETC. (IMPRINT)
Place of publication, distribution, etc Quezon City :
Name of publisher, distributor, etc Ateneo de Manila University,
Date of publication, distribution, etc 1985.
300 ## - PHYSICAL DESCRIPTION
Extent 72 p. ;
440 ## - SERIES STATEMENT/ADDED ENTRY--TITLE
Title Budhi papers ;
Number of part/section of a work 5
650 ## - SUBJECT ADDED ENTRY--TOPICAL TERM
Topical term or geographic name as entry element Catholic Church
Form subdivision Addresses, essays, lectures.
Geographic subdivision Philippines
650 ## - SUBJECT ADDED ENTRY--TOPICAL TERM
Topical term or geographic name as entry element Church and socio economic problems
Form subdivision Addresses, essays, lectures.
942 ## - ADDED ENTRY ELEMENTS (KOHA)
Source of classification or shelving scheme Library of Congress Classification
Item type Books
Holdings
Withdrawn status Lost status Source of classification or shelving scheme Damaged status Not for loan Home library Current library Shelving location Date acquired Inventory number Total Checkouts Full call number Barcode Date last seen Price effective from Koha item type
    Library of Congress Classification     BSOP Library BSOP Library Filipiniana 01/22/2020 13997   BR1260 C47 00016702 01/22/2020 01/22/2020 Books
BSOP

Biblical Seminary of the Philippines
  All rights Reserved
  © 2024

CONTACT INFORMATION

Biblical Seminary of the Philippines,
  77-B Karuhatan Road, Valenzuela City,
  PHILIPPINES 1441
  Phone: +632 8292-6795 / 8292-6798
  Fax : +632 8292-6675
  Email: library@bsop.edu.ph